| 000 | 00577nam a22001937a 4500 | ||
|---|---|---|---|
| 005 | 20260602104646.0 | ||
| 010 | _aENG-148692 | ||
| 020 |
_a9789349042056 _c599.00 |
||
| 035 | _aEN-132224 | ||
| 037 | _bDBAD | ||
| 082 |
_a181.499 _21 |
||
| 100 |
_aPuri, Suparna Sarawati _989248 |
||
| 245 |
_aAdi Shankara Advaita and You/ _cSuparna Sarawati Puri |
||
| 250 | _a1 | ||
| 260 |
_aChandigarh _bThe Browser _c2025 |
||
| 270 |
_bChandigarh _aSCO 14-15, Sector 8-C _e160009 _mservice@thebrowser.org |
||
| 300 |
_a126p. _c23cm(hb) |
||
| 942 |
_2ddc _cEN _h181.499 _mPUR |
||
| 999 |
_c216442 _d216442 |
||